[Event "SportAccord Blitz w 2014"]
[Site "Beijing CHN"]
[Date "2014.12.14"]
[Round "14.6"]
[White "Hou, Yifan"]
[Black "Koneru, Humpy"]
[Result "1-0"]
[WhiteTitle "GM"]
[BlackTitle "GM"]
[WhiteElo "2673"]
[BlackElo "2581"]
[WhiteFideId "8602980"]
[BlackFideId "5008123"]
[EventDate "2014.12.13"]

1. e4 e5 2. Nc3 Nf6 3. g3 d5 4. exd5 Nxd5 5. Bg2 Nb6 6. Nf3 Nc6 7. O-O Be7 8.
Re1 f6 9. a4 a5 10. d4 exd4 11. Nb5 O-O 12. Nfxd4 Nxd4 13. Nxd4 Bc5 14. Be3 Nc4
15. c3 Nxe3 16. Rxe3 Bxd4 17. cxd4 c6 18. Qb3+ Kh8 19. Rd1 Ra6 20. h3 Rb6 21.
Qc3 Qd6 22. b3 Qb4 23. Qc2 Ra6 24. Rc3 Bd7 25. Rc4 Qd6 26. d5 cxd5 27. Rxd5 Qe6
28. Rh4 f5 29. Rd1 Bc6 30. Qc5 Re8 31. Bf1 Raa8 32. Bc4 Qf6 33. Rhd4 h6 34. Rd6
Qc3 35. Qxf5 Rf8 36. Qd3 Qxd3 37. R6xd3 Rae8 38. Kf1 Rf6 39. R1d2 Ref8 40. Re3
h5 41. h4 Kh7 42. Ke1 Kh6 43. Re5 g6 44. Rxa5 Re8+ 45. Re2 Rd8 46. Rae5 Rfd6 47.
Kf1 Rd1+ 48. Re1 R1d2 49. R5e3 Rf8 50. Be2 Rb2 51. f3 Re8 52. Rd3 Rf8 53. Bd1
Rb1 54. Re2 Re8 55. Rf2 Re3 56. Rdd2 Re1+ 57. Kg2 Re3 58. Rf1 Rb2 59. Bc2 Rc3
60. Rff2 Rb1 61. Bd1 Rcc1 62. Rf1 Be8 63. Kf2 Bf7 64. Ke2 Rc2 65. Rxc2 Rb2 66.
Kd3 Ra2 67. Kc3 Bd5 68. f4 Be6 69. Re1 Bg4 70. Re5 Ra1 71. Rg5 Rc1 72. Rxg6+ 1-0

[Event "SportAccord Blitz w 2014"]
[Site "Beijing CHN"]
[Date "2014.12.14"]
[Round "14.7"]
[White "Stefanova, Antoaneta"]
[Black "Ju, Wenjun"]
[Result "1/2-1/2"]
[WhiteTitle "GM"]
[BlackTitle "GM"]
[WhiteElo "2517"]
[BlackElo "2568"]
[WhiteFideId "2902257"]
[BlackFideId "8603006"]
[EventDate "2014.12.13"]

1. d4 e6 2. Nf3 Nf6 3. e3 b6 4. Bd3 Bb7 5. O-O d5 6. b3 Bd6 7. Ne5 O-O 8. Bb2 c5
9. Nd2 Nc6 10. f4 Rc8 11. a3 Ne7 12. Qf3 Ne8 13. Qh3 g6 14. Ndf3 cxd4 15. exd4
f6 16. Qxe6+ Kg7 17. Qh3 h6 18. Bc1 f5 19. Nh4 Rc7 20. Bd2 Bc8 21. Qg3 Rf6 22.
Rae1 Kh7 23. Re2 Ng7 24. b4 Nh5 25. Qh3 Ng7 26. Rfe1 Qf8 27. Nhf3 Nh5 28. Nh4
Ng7 29. Nhf3 Nh5 30. Qh4 Kg7 31. h3 Kg8 32. Qf2 Re6 33. c3 Nf6 34. Qg3 Ne4 35.
Bxe4 dxe4 36. Nh4 Kh7 37. Qe3 Ba6 38. Rf2 Nd5 39. Qg3 Ne7 40. Qh2 Qf6 41. g3 Nd5
42. Ng2 Nxc3 43. Ne3 Qf8 44. g4 Nb5 45. gxf5 gxf5 46. d5 Rf6 47. Kh1 Nd4 48. Qg3
Rg7 49. Qh4 Nf3 50. Nxf3 exf3 51. Rxf3 Bd3 52. Ng2 Be4 53. Rxe4 fxe4 54. Rf2
Rfg6 55. f5 Rf6 56. Bc3 Be7 57. Bxf6 Qxf6 58. Qxe4 Bd6 59. Rf1 Re7 60. Qh4 Qe5
61. Qf4 Qxd5 62. Qf3 Qe5 63. Qf4 Qd5 64. Qf3 Qe5 65. Qf4 Qd5 66. Qf3 Qe5 1/2-1/2

[Event "SportAccord Blitz w 2014"]
[Site "Beijing CHN"]
[Date "2014.12.14"]
[Round "14.8"]
[White "Paehtz, Elisabeth"]
[Black "Gunina, Valentina"]
[Result "1/2-1/2"]
[WhiteTitle "IM"]
[BlackTitle "GM"]
[WhiteElo "2485"]
[BlackElo "2522"]
[WhiteFideId "4641833"]
[BlackFideId "4167570"]
[EventDate "2014.12.13"]

1. e4 c6 2. d4 d5 3. Nc3 dxe4 4. Nxe4 Bf5 5. Ng3 Bg6 6. Nh3 e6 7. Bc4 Bd6 8. O-O
Nf6 9. f4 Bf5 10. Nxf5 exf5 11. Re1+ Kf8 12. Ng5 Nd5 13. Qd3 g6 14. g3 Nd7 15.
Bb3 h6 16. Nf3 Kg7 17. c4 N5f6 18. Bd2 Ne4 19. Bc3 Ndf6 20. Ne5 c5 21. Rad1 cxd4
22. Bxd4 Bc5 23. Qe3 Qb6 24. Bc2 Rhd8 25. Bxc5 Qxc5 26. Qxc5 Nxc5 27. b4 Nce4
28. Bxe4 Nxe4 29. a3 g5 30. c5 Nc3 31. Rc1 Ne4 32. Rcd1 Nc3 33. Rc1 Ne4 34. Rcd1
Nc3 35. Rc1 Ne4 1/2-1/2

[Event "SportAccord Blitz w 2014"]
[Site "Beijing CHN"]
[Date "2014.12.14"]
[Round "15.2"]
[White "Gunina, Valentina"]
[Black "Ushenina, Anna"]
[Result "0-1"]
[WhiteTitle "GM"]
[BlackTitle "GM"]
[WhiteElo "2522"]
[BlackElo "2494"]
[WhiteFideId "4167570"]
[BlackFideId "14110911"]
[EventDate "2014.12.13"]

1. Nf3 d5 2. g3 c6 3. Bg2 Bg4 4. O-O Nd7 5. c4 Bxf3 6. Bxf3 Ne5 7. cxd5 Nxf3+ 8.
exf3 Qxd5 9. Nc3 Qd7 10. d4 e6 11. f4 Nf6 12. f5 exf5 13. Re1+ Be7 14. Qe2 O-O
15. Bg5 Rfe8 16. Qf3 Rad8 17. Re2 h6 18. Bf4 Qxd4 19. Rd1 Qb6 20. Rde1 Bf8 21.
Be5 Ne4 22. Qxf5 Nxc3 23. Bxc3 Rxe2 24. Rxe2 Qa6 25. Qg4 Qxa2 26. Re1 Qd5 27. h4
Qd7 28. Qf4 a6 29. Re4 Qd1+ 30. Re1 Qd5 31. Qg4 Qd7 32. Qf4 Re8 33. Rc1 Qe6 34.
Rd1 Qe7 35. Kh2 Rd8 36. Re1 Qd6 37. Qf5 Qd7 38. Qf4 Re8 39. Rc1 Bd6 40. Qf3 Be5
41. Rd1 Qc8 42. Bxe5 Rxe5 43. Qf4 Re8 44. Rd3 Qe6 45. Rd6 Qe5 46. Qb4 Qf5 47.
Rd2 b5 48. Qd6 Qe6 49. Qc7 h5 50. b4 Rc8 51. Qb7 c5 52. bxc5 Rxc5 53. Rd8+ Kh7
54. Qa8 Rf5 55. Kg2 Rf6 56. Rh8+ Kg6 57. Qb7 Qc6+ 58. Qxc6 Rxc6 59. Rb8 Kf6 60.
Kf3 g6 61. Ke4 Ke6 62. f4 Kf6 63. Rb7 Rc4+ 64. Kd3 Ra4 65. Ke3 b4 66. Kd4 a5 67.
Rb6+ Kf5 68. Rb5+ Kg4 69. Ke5 Kxg3 70. Kf6 Kxf4 71. Kxf7 Kg4 72. Kxg6 Kxh4 73.
Rxh5+ Kg4 74. Rb5 Ra3 75. Kf6 Kf4 76. Ke6 Ke4 77. Kd6 b3 78. Kc5 a4 79. Kc4 Ra2
80. Rb8 Ke3 81. Kc3 Ke2 82. Rh8 Kf3 83. Rf8+ Ke4 84. Re8+ Kd5 85. Rd8+ Kc6 86.
Rd1 b2 87. Rb1 a3 0-1

[Event "SportAccord Blitz w 2014"]
[Site "Beijing CHN"]
[Date "2014.12.14"]
[Round "15.3"]
[White "Ju, Wenjun"]
[Black "Paehtz, Elisabeth"]
[Result "0-1"]
[WhiteTitle "GM"]
[BlackTitle "IM"]
[WhiteElo "2568"]
[BlackElo "2485"]
[WhiteFideId "8603006"]
[BlackFideId "4641833"]
[EventDate "2014.12.13"]

1. d4 e6 2. g3 c5 3. Nf3 Qa5+ 4. c3 cxd4 5. Nxd4 d5 6. Bg2 Nf6 7. O-O Nc6 8. c4
Nxd4 9. Qxd4 Bc5 10. Qd3 dxc4 11. Qxc4 O-O 12. Nc3 e5 13. Bg5 Be6 14. Qa4 Bb4
15. Bxf6 gxf6 16. Qxa5 Bxa5 17. Ne4 Kg7 18. Nc5 Rac8 19. Nxb7 Bb6 20. Rac1 Bxa2
21. Nd6 Rxc1 22. Rxc1 Be6 23. Bf3 Rd8 24. Nc4 Rc8 25. b3 Bc5 26. e3 Bf8 27. Be2
Rb8 28. Nd2 Bb4 29. Nc4 Bf8 30. Nd2 a5 31. Bc4 Bh3 32. Ra1 Bb4 33. Nf3 Rd8 34.
Bf1 Bg4 35. Kg2 Be6 36. Bc4 Bxc4 37. bxc4 Rd3 38. Nh4 Rc3 39. Nf5+ Kg6 40. g4 h5
41. h3 hxg4 42. hxg4 Rxc4 43. f3 Rc8 44. Rh1 Bf8 45. Nh4+ Kg7 46. Nf5+ Kg8 47.
Ra1 Rc2+ 48. Kg3 Bb4 49. Rd1 Rc8 50. Rb1 Kf8 51. Rh1 Ke8 52. Ra1 Ra8 53. Ra4 Kd7
54. f4 Kc6 55. fxe5 fxe5 56. Nh6 Kb5 57. Ra1 Ra7 58. g5 a4 59. Kg4 a3 60. Ra2
Kc4 61. Kf5 Kb3 62. Ra1 a2 63. Kf6 Bc3 64. Rxa2 Kxa2 65. Nxf7 e4+ 66. Ke6 Kb3
67. Nd6 Ra6 68. Kd5 Ra5+ 69. Kxe4 Rxg5 70. Kf4 Rg8 71. e4 Kb4 72. e5 Kc5 73. Kf5
Kd5 74. Nf7 Re8 0-1

[Event "SportAccord Blitz w 2014"]
[Site "Beijing CHN"]
[Date "2014.12.14"]
[Round "15.4"]
[White "Koneru, Humpy"]
[Black "Stefanova, Antoaneta"]
[Result "0-1"]
[WhiteTitle "GM"]
[BlackTitle "GM"]
[WhiteElo "2581"]
[BlackElo "2517"]
[WhiteFideId "5008123"]
[BlackFideId "2902257"]
[EventDate "2014.12.13"]

1. d4 d5 2. c4 c6 3. Nf3 Nf6 4. e3 Bg4 5. cxd5 Bxf3 6. Qxf3 cxd5 7. Nc3 e6 8.
Bd2 Nc6 9. Bd3 Be7 10. O-O O-O 11. Rac1 Rc8 12. Qh3 g6 13. f4 Ne8 14. g4 f5 15.
g5 Nd6 16. Qg2 Nb4 17. Bb1 Nc4 18. b3 Na3 19. h4 Nxb1 20. Rxb1 h5 21. Qe2 Qb6
22. Rfc1 Qa6 23. Qxa6 bxa6 24. a3 Nd3 25. Rc2 Bxa3 26. Ra1 Be7 27. Ra4 Rc6 28.
Rca2 Nb4 29. Ra1 Rfc8 30. Nd1 Nc2 31. Rc1 Nxd4 32. Rxc6 Nxc6 33. Rxa6 Bc5 34.
Kf1 Kf8 35. Nc3 Ke7 36. Na4 Bd6 37. Bc3 Kd7 38. Bd4 0-1

[Event "SportAccord Blitz w 2014"]
[Site "Beijing CHN"]
[Date "2014.12.14"]
[Round "15.5"]
[White "Zhao, Xue"]
[Black "Hou, Yifan"]
[Result "0-1"]
[WhiteTitle "GM"]
[BlackTitle "GM"]
[WhiteElo "2514"]
[BlackElo "2673"]
[WhiteFideId "8601283"]
[BlackFideId "8602980"]
[EventDate "2014.12.13"]

1. Nf3 Nf6 2. g3 c5 3. Bg2 Nc6 4. O-O g6 5. c4 Bg7 6. Nc3 O-O 7. d3 d6 8. a3 Rb8
9. Ne1 Bd7 10. Rb1 Qc8 11. b4 Bh3 12. Bd2 Bxg2 13. Nxg2 b6 14. Nf4 e6 15. Ng2
Rd8 16. Bg5 h6 17. Bf4 Kh7 18. b5 Ne7 19. e4 Nh5 20. Bd2 d5 21. exd5 exd5 22.
Re1 Rb7 23. Qc1 Rbd7 24. Re2 dxc4 25. dxc4 Nf5 26. Nd5 Nd4 27. Re3 Nf6 28. Ngf4
Nxd5 29. Nxd5 Qb7 30. Qf1 Rxd5 31. cxd5 Qxd5 32. Qg2 Qa2 33. Rd1 Qc2 34. Qf1 Nb3
35. Re2 Nxd2 0-1

[Event "SportAccord Blitz w 2014"]
[Site "Beijing CHN"]
[Date "2014.12.14"]
[Round "15.6"]
[White "Dzagnidze, Nana"]
[Black "Muzychuk, Mariya"]
[Result "1/2-1/2"]
[WhiteTitle "GM"]
[BlackTitle "IM"]
[WhiteElo "2570"]
[BlackElo "2529"]
[WhiteFideId "13601903"]
[BlackFideId "14114550"]
[EventDate "2014.12.13"]

1. c4 c5 2. Nc3 Nc6 3. Nf3 Nf6 4. d3 d5 5. cxd5 Nxd5 6. g3 g6 7. Bg2 Bg7 8. Bd2
O-O 9. O-O Nc7 10. a3 b6 11. Rb1 Bb7 12. b4 cxb4 13. axb4 Nd4 14. Nxd4 Bxg2 15.
Kxg2 Qxd4 16. Qb3 a5 17. Rfc1 axb4 18. Qxb4 Qxb4 19. Rxb4 Bxc3 20. Bxc3 Nd5 21.
Rb5 Nxc3 22. Rxc3 Rfb8 23. Rc6 Ra6 24. h4 h5 25. d4 e6 26. Kf3 Kf8 27. Ke4 Ra2
28. Kf3 Ra6 29. e3 Ke7 30. Rc7+ Kf6 31. Kf4 Ra5 32. Rb2 Rf5+ 33. Ke4 b5 34. Kd3
b4 35. Rc5 b3 36. Kc3 Rf3 37. Kd3 Rb7 38. Rc3 Rf5 39. Rc5 Rd5 40. Kc3 Rd6 41.
Rxb3 Rxb3+ 42. Kxb3 Rb6+ 43. Kc3 Ra6 44. Kd3 Ra2 45. Rc2 Ra1 46. Ke4 Rf1 47. Kf3
Rd1 48. Rc7 Rd2 49. Ra7 Rc2 50. Ra6 Kf5 51. e4+ Kf6 52. d5 Rd2 53. Ke3 Rd1 54.
f4 Ke7 55. Ra7+ Kf8 56. dxe6 fxe6 57. Rb7 Rd6 58. e5 Rd5 59. Ra7 Rd1 60. Ke4 Rd2
61. Ra6 Kf7 62. Ra7+ Kf8 63. Ra3 Rd1 64. Rd3 Re1+ 65. Kd4 Ke7 66. Rc3 Rd1+ 67.
Kc5 Rd5+ 68. Kc6 Rd1 69. Kc7 Rd7+ 70. Kc8 Rd8+ 71. Kb7 Rd1 72. Kb6 Rd2 73. Rc7+
Kf8 74. Kc5 Rd5+ 75. Kc6 Rd1 76. Rd7 Ra1 77. Rc7 Rd1 78. Rd7 Ra1 79. Rd6 Ke7 80.
Rd7+ Kf8 81. Rd3 Ke7 82. Rb3 Rc1+ 83. Kb6 Rc2 84. Rd3 Rc1 85. Ra3 Rc2 86. Ra7+
Kf8 87. Rc7 Rg2 88. Kc6 Rd2 89. Rd7 Ra2 90. Rd8+ Ke7 91. Rd7+ Kf8 92. Kd6 Ra6+
93. Kc7 Ra3 94. Kd6 Ra6+ 95. Kc5 Ra3 96. Rb7 Rd3 97. Kc6 Rd2 98. Rb3 Rd1 99. Kc5
Rd5+ 100. Kc4 Rd1 101. Rd3 Rc1+ 102. Kd4 Ke7 103. Ke4 Re1+ 104. Re3 Rd1 105. Ra3
Re1+ 106. Kf3 Rf1+ 107. Kg2 Rc1 108. Ra7+ Kf8 109. Ra3 Rc4 110. Kf3 Rc1 111. g4
Rf1+ 112. Ke3 hxg4 113. Ke2 Rxf4 114. Ra6 Re4+ 115. Kf2 Rxe5 116. Kg3 Re4 117.
Ra7 Rc4 118. Rb7 Rd4 119. Ra7 e5 120. Ra5 Re4 121. Ra7 Rf4 122. Ra5 Rf5 123.
Kxg4 Kg7 124. Rb5 Kh6 125. Ra5 Rf4+ 126. Kg3 Re4 127. Ra8 Re1 128. Ra7 e4 129.
Re7 e3 130. Kf3 Rf1+ 131. Kg2 Rf2+ 132. Kg3 Re2 133. Kf3 Rh2 134. Kg3 Re2 135.
Kf3 Re1 136. Re8 Rf1+ 137. Kg2 Re1 138. Kf3 Rf1+ 139. Kg2 Rf2+ 140. Kg3 Re2 141.
Kf3 Re1 142. Re7 e2 143. Kf2 Rh1 144. Kxe2 Rxh4 145. Kf3 Ra4 146. Re5 Ra3+ 147.
Kg4 Ra4+ 148. Kg3 Rc4 149. Ra5 Rc6 150. Rb5 Rf6 151. Ra5 Re6 152. Rb5 Kg7 153.
Ra5 Kf6 154. Rb5 Re5 155. Rxe5 Kxe5 156. Kg4 Kf6 1/2-1/2

[Event "SportAccord Blitz w 2014"]
[Site "Beijing CHN"]
[Date "2014.12.14"]
[Round "15.7"]
[White "Muzychuk, Anna"]
[Black "Cramling, Pia"]
[Result "1-0"]
[WhiteTitle "GM"]
[BlackTitle "GM"]
[WhiteElo "2545"]
[BlackElo "2518"]
[WhiteFideId "14111330"]
[BlackFideId "1700030"]
[EventDate "2014.12.13"]

1. f4 d5 2. Nf3 g6 3. g3 Bg7 4. Bg2 Nd7 5. O-O e5 6. fxe5 Nxe5 7. Nxe5 Bxe5 8.
d4 Bg7 9. c3 Nf6 10. Bg5 c6 11. e4 dxe4 12. Nd2 h6 13. Bxf6 Bxf6 14. Nxe4 Bg7
15. Nc5 O-O 16. Qd2 Qc7 17. Rf2 b6 18. Nd3 Ba6 19. Nb4 Bb7 20. Qf4 Qd7 21. Qf3
Rac8 22. Re1 Ba8 23. Qd1 a5 24. Nd3 Rcd8 25. Ne5 Qc7 26. Qb3 Bxe5 27. dxe5 a4
28. Qxa4 c5 29. Bxa8 Rxa8 30. Qg4 Rae8 31. e6 Kg7 32. Ree2 f5 33. Qc4 Qd6 34.
Re1 Rf6 35. Rfe2 Re7 36. a4 f4 37. gxf4 Rxf4 38. Re4 Rf5 39. Qe2 Rg5+ 40. Kh1
Qc6 41. h4 Rh5 42. Kg1 Qd6 43. Rf1 Rd5 44. Qf3 Qd8 45. Qf6+ Kh7 46. Ref4 Rd2 47.
Qxe7+ Qxe7 48. Rf7+ 1-0

[Event "SportAccord Blitz w 2014"]
[Site "Beijing CHN"]
[Date "2014.12.14"]
[Round "15.8"]
[White "Kosintseva, Tatiana"]
[Black "Khotenashvili, Bela"]
[Result "1-0"]
[WhiteTitle "GM"]
[BlackTitle "GM"]
[WhiteElo "2483"]
[BlackElo "2504"]
[WhiteFideId "4133471"]
[BlackFideId "13602640"]
[EventDate "2014.12.13"]

1. e4 c6 2. d4 d5 3. e5 Bf5 4. Nf3 e6 5. Be2 Nd7 6. O-O h6 7. Nbd2 Ne7 8. Nb3 g5
9. a4 Ng6 10. a5 a6 11. c4 g4 12. Ne1 h5 13. cxd5 cxd5 14. Bd3 Nh4 15. Bf4 Nb8
16. Qd2 Be7 17. Nc5 Ra7 18. Rc1 Bxd3 19. Nexd3 Nf5 20. f3 Rg8 21. fxg4 Rxg4 22.
h3 Rg8 23. Qf2 Qxa5 24. Qf3 Rh8 25. Be3 Qd8 26. g4 hxg4 27. hxg4 Rg8 28. Kh2
Bxc5 29. gxf5 Qh4+ 30. Qh3 Qxh3+ 31. Kxh3 Rh8+ 32. Kg4 Rg8+ 33. Kf3 Be7 34. Rc8+
Bd8 35. Rxb8 Kd7 36. Rc1 exf5 37. Nf4 Rh8 38. Nxd5 Rh3+ 39. Kg2 Rh4 40. Rxd8+
Kxd8 41. Bg5+ Kd7 42. Rc7+ Ke6 43. Nf4+ Rxf4 44. Bxf4 Kd5 45. Rd7+ Ke4 46. Bd2
Ra8 47. Bc3 Rg8+ 48. Kf2 f4 49. Rxf7 Rh8 50. e6 Re8 51. e7 Kd5 52. Bb4 Ke6 53.
Rf8 Kd7 54. Rxe8 Kxe8 55. Kf3 b6 56. Kxf4 a5 57. Ba3 1-0

[Event "SportAccord Blitz w 2014"]
[Site "Beijing CHN"]
[Date "2014.12.14"]
[Round "16.1"]
[White "Hou, Yifan"]
[Black "Stefanova, Antoaneta"]
[Result "0-1"]
[WhiteTitle "GM"]
[BlackTitle "GM"]
[WhiteElo "2673"]
[BlackElo "2517"]
[WhiteFideId "8602980"]
[BlackFideId "2902257"]
[EventDate "2014.12.13"]

1. e4 e5 2. Nf3 Nc6 3. Bb5 a6 4. Ba4 Nge7 5. Nc3 Ng6 6. d4 exd4 7. Nxd4 Nxd4 8.
Qxd4 b5 9. Bb3 Bb7 10. Qd3 Bd6 11. a4 b4 12. Nd5 O-O 13. O-O a5 14. Re1 Qh4 15.
g3 Qh5 16. f4 Kh8 17. Be3 Rae8 18. Bf2 Qg4 19. Qe2 Qh3 20. Qf1 Qg4 21. h3 Qh5
22. c4 bxc3 23. bxc3 c6 24. Bd1 Qh6 25. Ne3 Ne7 26. Ng4 Qh5 27. Nf6 Qg6 28. Nxe8
Rxe8 29. Qg2 c5 30. Bf3 f6 31. Rad1 Nc8 32. e5 Bxf3 33. Qxf3 fxe5 34. fxe5 Rf8
35. Qg2 Be7 36. Rxd7 Qe6 37. Rd2 Nb6 38. Rde2 Nxa4 39. Re3 Nb6 40. Rf3 Rd8 41.
Ra1 a4 42. Rf4 h6 43. Qe4 Nd5 44. Rf3 Nb6 45. Qf5 Qd5 46. e6 Qc4 47. Qf7 Nd5 48.
Rf1 a3 49. Ra1 a2 50. Kg2 Qb3 51. Qf5 Qb2 52. c4 Qxa1 53. cxd5 Qf6 54. Qd3 a1=Q
55. Rxf6 Qxf6 56. Qe4 Qg5 57. d6 Rxd6 58. Qa8+ Rd8 59. Qa4 Qd5+ 0-1

[Event "SportAccord Blitz w 2014"]
[Site "Beijing CHN"]
[Date "2014.12.14"]
[Round "16.2"]
[White "Koneru, Humpy"]
[Black "Paehtz, Elisabeth"]
[Result "1-0"]
[WhiteTitle "GM"]
[BlackTitle "IM"]
[WhiteElo "2581"]
[BlackElo "2485"]
[WhiteFideId "5008123"]
[BlackFideId "4641833"]
[EventDate "2014.12.13"]

1. d4 e6 2. c4 Bb4+ 3. Nd2 c5 4. a3 Bxd2+ 5. Qxd2 cxd4 6. Nf3 Nf6 7. Nxd4 d5 8.
e3 O-O 9. Be2 dxc4 10. Bxc4 e5 11. Nf3 Qc7 12. b3 Nc6 13. Bb2 Bg4 14. Rc1 Rfd8
15. Qc2 Qe7 16. b4 Rac8 17. Qb3 Bxf3 18. gxf3 Qd7 19. O-O Qh3 20. Bxf7+ Kh8 21.
Be6 Qxf3 22. Bxc8 Rxc8 23. Qd1 Qh3 24. f3 Rf8 25. b5 Ne7 26. Bxe5 Nf5 27. Qe2
Re8 28. Bxf6 gxf6 29. Rf2 Nxe3 30. Qb2 Re5 31. Re1 Nc4 32. Qc3 Rxe1+ 33. Qxe1
Ne5 34. Qe4 Qd7 35. Kg2 Ng6 36. Re2 Kg7 37. Re1 Qxb5 38. a4 Qd7 39. Kg3 Qd6+ 40.
f4 b6 41. h4 h5 42. Re3 Qd7 43. Qe6 Qd4 44. Qe4 Qd7 45. Qe6 Qd4 46. Qe4 Qd7 47.
Qf3 Qxa4 48. Rc3 Qd7 49. Qxh5 Qd6 50. Qg4 Kf7 51. h5 Ne7 52. h6 Qd2 53. Rf3 Qc2
54. Qh5+ Kf8 55. h7 Nf5+ 56. Qxf5 Qxf5 57. h8=Q+ Kf7 58. Qh4 Qg6+ 59. Qg4 Qb1
60. Kg2 Qc2+ 61. Rf2 Qe4+ 62. Qf3 Qc4 63. Re2 a5 64. Qh5+ Kf8 65. Qh8+ Kf7 66.
Qe8+ Kg7 67. Re7+ Kh6 68. Qh8+ Kg6 69. Qe8+ Kf5 70. Qh5+ Kxf4 71. Qh4+ 1-0

[Event "SportAccord Blitz w 2014"]
[Site "Beijing CHN"]
[Date "2014.12.14"]
[Round "16.3"]
[White "Ju, Wenjun"]
[Black "Ushenina, Anna"]
[Result "1-0"]
[WhiteTitle "GM"]
[BlackTitle "GM"]
[WhiteElo "2568"]
[BlackElo "2494"]
[WhiteFideId "8603006"]
[BlackFideId "14110911"]
[EventDate "2014.12.13"]

1. e4 c5 2. c3 Nf6 3. e5 Nd5 4. Nf3 Nc6 5. d4 cxd4 6. cxd4 d6 7. Bc4 Nb6 8. Bb5
Bd7 9. exd6 e6 10. O-O Bxd6 11. Nc3 Nb4 12. Bxd7+ Qxd7 13. Ne5 Bxe5 14. dxe5
Qxd1 15. Rxd1 O-O 16. Ne4 Rac8 17. Nd6 Rc2 18. Nxb7 Nc4 19. b3 Nxe5 20. Ba3 Nec6
21. h3 Rb8 22. Bxb4 Nxb4 23. Rd7 Rxa2 24. Rc1 Rc2 25. Ra1 a6 26. Na5 h5 27. Nc4
Rc3 28. Ne5 Rf8 29. Rb7 Nc6 30. Nc4 a5 31. Nxa5 Nxa5 32. Rxa5 g6 33. Raa7 Rc2
34. b4 Rc1+ 35. Kh2 h4 36. b5 Rb1 37. b6 Rb5 38. Ra6 Rd8 39. Raa7 Rf8 40. Ra6
Rd8 41. Rc7 Rb8 42. Raa7 R5xb6 43. Rxf7 e5 44. Rg7+ Kh8 45. Rh7+ Kg8 46. Rxh4
R6b7 47. Ra6 Kg7 48. Re4 Re7 49. Rg4 Rb2 50. Rgxg6+ Kf7 51. Raf6+ Ke8 52. Rg5 e4
53. Rgf5 Rd2 54. Rf8+ Kd7 55. R8f7 Ke6 56. Rxe7+ Kxf5 57. Kg3 Rd3+ 58. Kh2 Rd2
59. Rf7+ Kg6 60. Rf4 Re2 61. Kg3 Kg5 62. Rf8 Kg6 63. h4 Kg7 64. Rf4 Kg6 65. Kh3
Kh5 66. g3 Kg6 67. Kg4 Kg7 68. h5 Kh6 69. Rf6+ Kg7 70. Kg5 Re1 71. h6+ Kh7 72.
Rf7+ Kg8 73. Kg6 1-0

[Event "SportAccord Blitz w 2014"]
[Site "Beijing CHN"]
[Date "2014.12.14"]
[Round "16.5"]
[White "Harika, Dronavalli"]
[Black "Khotenashvili, Bela"]
[Result "1-0"]
[WhiteTitle "GM"]
[BlackTitle "GM"]
[WhiteElo "2505"]
[BlackElo "2504"]
[WhiteFideId "5015197"]
[BlackFideId "13602640"]
[EventDate "2014.12.13"]

1. Nf3 g6 2. g3 Bg7 3. Bg2 e5 4. O-O Ne7 5. c4 O-O 6. Nc3 d5 7. cxd5 Nxd5 8. d3
c6 9. Bd2 Na6 10. a3 Nac7 11. Rc1 Bg4 12. h3 Be6 13. Ng5 Bc8 14. Nge4 h6 15. b4
Ne6 16. Nxd5 cxd5 17. Nc5 Nd4 18. e3 Ne6 19. Qb3 d4 20. Rfd1 Rb8 21. Qa4 a6 22.
Nxe6 Bxe6 23. exd4 Qxd4 24. Be3 Qd8 25. Ba7 Rc8 26. Bc5 Re8 27. Bxb7 Bxh3 28.
Qxa6 Rb8 29. Bg2 Bxg2 30. Kxg2 Ra8 31. Qc4 Rxa3 32. b5 Ra8 33. b6 Qd7 34. Be3
Rab8 35. Qc6 Qb7 36. Qxb7 Rxb7 37. Rc6 Bf8 38. Kf3 Bb4 39. Ra1 Reb8 40. Ra7 Kg7
41. Rxb7 Rxb7 42. Rc7 Rb8 43. b7 Bd6 44. Rd7 Kf8 45. Ba7 Ke8 46. Bxb8 Bxb8 47.
Rd5 f6 48. Rc5 Kd7 49. Rc8 1-0

[Event "SportAccord Blitz w 2014"]
[Site "Beijing CHN"]
[Date "2014.12.14"]
[Round "16.6"]
[White "Kosintseva, Tatiana"]
[Black "Cramling, Pia"]
[Result "1-0"]
[WhiteTitle "GM"]
[BlackTitle "GM"]
[WhiteElo "2483"]
[BlackElo "2518"]
[WhiteFideId "4133471"]
[BlackFideId "1700030"]
[EventDate "2014.12.13"]

1. e4 c5 2. Nf3 e6 3. d4 cxd4 4. Nxd4 Nf6 5. Nc3 Qb6 6. Nb3 Bb4 7. Bd2 d6 8. Qe2
O-O 9. O-O-O e5 10. Kb1 Bxc3 11. Bxc3 Be6 12. f3 Nbd7 13. Qd2 d5 14. Bd3 Rfc8
15. g4 d4 16. Ba5 Qc6 17. Qe2 b6 18. Bd2 a5 19. g5 Nh5 20. f4 Nxf4 21. Bxf4 a4
22. Nxd4 exd4 23. a3 Nc5 24. Bb5 Qxe4 25. Qxe4 Nxe4 26. Rxd4 Nc5 27. Rhd1 Bf5
28. R1d2 Ne6 29. Rb4 Nxf4 30. Rxf4 g6 31. Rxa4 Rxa4 32. Bxa4 Rc4 33. Bb3 Rg4 34.
Rd6 b5 35. Rf6 Be6 36. Bxe6 fxe6 37. Rxe6 Rxg5 38. b3 Kf7 39. Re2 h5 40. Kb2 h4
41. a4 bxa4 42. bxa4 Rg4 43. Kb3 g5 44. a5 Rd4 45. c4 g4 46. a6 Rd6 47. Ra2 Rd8
48. Kb4 Ke6 49. a7 Ra8 50. Kb5 Kf5 51. Kb6 Kf4 52. Kb7 1-0

[Event "SportAccord Blitz w 2014"]
[Site "Beijing CHN"]
[Date "2014.12.14"]
[Round "16.7"]
[White "Muzychuk, Anna"]
[Black "Muzychuk, Mariya"]
[Result "1-0"]
[WhiteTitle "GM"]
[BlackTitle "IM"]
[WhiteElo "2545"]
[BlackElo "2529"]
[WhiteFideId "14111330"]
[BlackFideId "14114550"]
[EventDate "2014.12.13"]

1. e4 c6 2. d4 d5 3. e5 c5 4. dxc5 Nc6 5. Nf3 Bg4 6. Bb5 e6 7. b4 Ne7 8. Nbd2
Ng6 9. h3 Bxf3 10. Nxf3 a5 11. c3 Be7 12. O-O O-O 13. Re1 f6 14. exf6 Bxf6 15.
Rxe6 Bxc3 16. Rd6 Qc7 17. Qxd5+ Kh8 18. Rb1 axb4 19. Qh5 Qf7 20. Be3 Qxa2 21.
Bd3 Nce7 22. Ng5 h6 23. Rxg6 Nxg6 24. Qxg6 Qg8 25. Bc4 1-0

[Event "SportAccord Blitz w 2014"]
[Site "Beijing CHN"]
[Date "2014.12.14"]
[Round "16.8"]
[White "Dzagnidze, Nana"]
[Black "Zhao, Xue"]
[Result "0-1"]
[WhiteTitle "GM"]
[BlackTitle "GM"]
[WhiteElo "2570"]
[BlackElo "2514"]
[WhiteFideId "13601903"]
[BlackFideId "8601283"]
[EventDate "2014.12.13"]

1. c4 Nf6 2. Nc3 e5 3. g3 Bb4 4. Bg2 O-O 5. Qc2 Re8 6. a3 Bf8 7. d3 c6 8. Bg5 h6
9. Bxf6 Qxf6 10. Nf3 d6 11. O-O Be6 12. Nd2 Nd7 13. Rab1 a5 14. b4 axb4 15. axb4
Qd8 16. b5 Qc7 17. bxc6 bxc6 18. Rb2 Reb8 19. Rfb1 Rxb2 20. Qxb2 Ra7 21. h4 Be7
22. Bf3 f5 23. Kg2 Bf6 24. Qb4 Kh7 25. Nf1 Nc5 26. Nd2 Rb7 27. Qa3 Ra7 28. Qb2
e4 29. dxe4 Na4 30. Qc2 Nxc3 31. Rb3 Ra2 32. Qd3 Rxd2 33. Qxd2 fxe4 34. Bh5 g6
35. Bxg6+ Kxg6 36. Rxc3 Bxc3 37. Qxc3 Qg7 38. Qa3 Qe5 39. Qa6 c5 40. Qb5 Bf7 41.
Qa6 Qe6 42. e3 Kg7 43. Qb5 Qxc4 44. Qb7 Qe6 45. Qc6 c4 46. Qc7 Qf6 47. Qc6 d5
48. Qc7 c3 49. Qc8 Qe5 50. Qg4+ Kf6 51. Qc8 d4 52. exd4 Qxd4 53. Qc6+ Kg7 54.
Qc7 Qf6 55. Kg1 Kg6 56. Qc8 Be6 57. Qe8+ Kg7 58. Qc6 Qe5 59. Qb7+ Bf7 60. Qc6 e3
61. fxe3 Qxe3+ 62. Kh2 Qd2+ 63. Kh3 c2 64. Qc7 Qe2 65. Qc3+ Kh7 66. Qc7 Qe6+ 67.
Kh2 Qc4 68. Qd7 c1=Q 69. Qf5+ Bg6 70. Qd7+ Qf7 0-1